000 01112nam a2200313Ia 4500
003 OSt
005 20221006160553.0
006 a|||||r|||| 00| 0
007 ta
008 221006b |||||||| |||| 00| 0 eng d
020 _a0415305748
_c£105.00
020 _a9780415305747
024 _a45,521
037 _b5694, 13/03/2015, Orange Books International
_cTextual
040 _aEASL
_cEASL
_beng
041 _2eng
_aeng
082 _aX8(A):97.42.P02, P3
100 _aMatanle Peter C. D.
_9674184
245 0 _aJapanese capitalism and modernity in a global era
_b Re-fabricating lifetime employment relations
260 _aNew York
_bColumbia University Press
_c2013
300 _ap.
_ccm.
490 _v JEL
_aSheffield centre for Japanese Studies/RoutledgeCurzon series
650 _a Industrial relations - Japan
_9647284
650 _a JEL
650 _a Organizational change - Japan
650 _aJob security - Japan
_9662225
942 _hX8(A):97.42.P02, P3
_cTEXL
_2CC
999 _c1113613
_d1113613